Pays par images partielles de drapeaux #1 - Statistiques

Statistiques générales
  • Ce quiz a été pris 34 768 fois
  • Le résultat moyen est 14 sur 16
Statistiques - réponses
Par images Réponse % Correct
Canada
100%
Belgique
99%
Grèce
98%
Afrique du Sud
97%
États-Unis
97%
Turquie
97%
Israël
96%
Uruguay
92%
Qatar
91%
Venezuela
86%
Cuba
85%
Serbie
76%
Suède
75%
Malte
61%
Ouganda
57%
Papouasie-Nouvelle-Guinée
57%
Aucun quiz correspondant
Distribution des résultats
% des personnes avec chaque résultat
Percentile par nombre de réponses
Votre historique - résultats
Vous n’avez pas pris ce quiz